Lý thuyết điều khiển tự động thông thường và hiện đại
Một số vấn đề về lý thuyết điều khiển tự động: đặc điểm của hệ gián đoạn nói chung cũng như hệ xung số nói riêng, các phương pháp khảo sát và tổn hợp hệ đã dùng ở hệ liên tục, các phương pháp trong miền tần số và miền thời gi...
Salvato in:
| Autore principale: | |
|---|---|
| Natura: | Libro |
| Lingua: | Undetermined |
| Pubblicazione: |
Hà Nội
Khoa học và Kỹ thuật
2009
|
| Soggetti: | |
| Tags: |
Aggiungi Tag
Nessun Tag, puoi essere il primo ad aggiungerne! !
|
| Thư viện lưu trữ: | Trung tâm Học liệu Trường Đại học Cần Thơ |
|---|
| LEADER | 01054nam a2200205Ia 4500 | ||
|---|---|---|---|
| 001 | CTU_161944 | ||
| 008 | 210402s9999 xx 000 0 und d | ||
| 020 | |c 40000 | ||
| 082 | |a 629.8 | ||
| 082 | |b Ng450/Q.2 | ||
| 100 | |a Nguyễn, Thương Ngô | ||
| 245 | 0 | |a Lý thuyết điều khiển tự động thông thường và hiện đại | |
| 245 | 0 | |c Nguyễn Thương Ngô | |
| 260 | |a Hà Nội | ||
| 260 | |b Khoa học và Kỹ thuật | ||
| 260 | |c 2009 | ||
| 520 | |a Một số vấn đề về lý thuyết điều khiển tự động: đặc điểm của hệ gián đoạn nói chung cũng như hệ xung số nói riêng, các phương pháp khảo sát và tổn hợp hệ đã dùng ở hệ liên tục, các phương pháp trong miền tần số và miền thời gian.. | ||
| 650 | |a Automatic control,Điều khiển tự động | ||
| 904 | |i Thoa, Hải | ||
| 980 | |a Trung tâm Học liệu Trường Đại học Cần Thơ | ||